000 00549nam a2200205Ia 4500
005 20260629163254.0
008 260629s9999||||xx |||||||||||||| ||und||
020 _a9788129115546
_qpbk
082 _a294.5925
_bMEN
100 _aMenon, Ramesh
245 0 _aDevi : the Devi Bhagavatam retold
250 _a27th rep. 2024
260 _aNew Delhi
_bRupa Publications India
_c2006
300 _a514p. ; 23cm.
653 _aDevi Bhagavata
653 _aHindu mythology
653 _aPuranas Goddesses, Hindu
653 _aShaktism
942 _cBK
999 _c57293
_d57293